Capitals of South America - With Empty Map - Statistics

General Stats
  • This quiz has been taken 92 times
  • The average score is 10 of 12
Answers on the Map
Answers color-coded by a green-red scale on the quiz's map according to % correct below.
 
Answer Stats
Capital % Correct
Brasilia
91%
Lima
91%
Bogota
89%
Buenos Aires
89%
Santiago
88%
Caracas
86%
La Paz / Sucre
86%
Quito
81%
Montevideo
78%
Asuncion
77%
Georgetown
73%
Paramaribo
64%
No matching quizzes found
Score Distribution
Percent of People with Each Score
Percentile by Number Answered
Your Score History
You have not taken this quiz